Countries With The Most Plant Species - Statistics

General Stats
  • This quiz has been taken 121 times
  • The average score is 16 of 20
Answer Stats
# of Species Answer % Correct
34,387 Brazil
99%
31,362 China
95%
15,500 United States
95%
19,232 Indonesia
93%
24,025 Colombia
91%
23,385 Mexico
89%
12,500 Russia
89%
19,812 Peru
87%
19,324 Australia
86%
15,000 India
86%
15,381 Venezuela
86%
14,729 Bolivia
85%
14,060 Malaysia
80%
18,466 Ecuador
78%
21,250 South Africa
74%
10,973 Papua New Guinea
66%
10,462 Panama
59%
16,000 Myanmar
58%
11,832 Madagascar
55%
11,000 Costa Rica
50%
No matching quizzes found
Score Distribution
Percent of People with Each Score
Percentile by Number Answered
Your Score History
You have not taken this quiz